Trasferimenti più costosi - Cile - Statistics

Statistiche generali
  • Questo quiz è stato fatto 59 volte
    25 dall'ultimo reset
  • Il punteggio medio è 10 su 15
Statistiche sulle risposte
Costo (M €) Da A Anno Calciatore % Corretto
42,50 Barcellona Arsenal 2014 Alexis Sánchez
100%
34 Arsenal Manchester United 2018 Alexis Sánchez
100%
26 Udinese Barcellona 2011 Alexis Sánchez
100%
39,25 Juventus Bayern Monaco 2015 Arturo Vidal
100%
18 Bayern Monaco Barcellona 2018 Arturo Vidal
100%
12,50 Bayer Leverkusen Juventus 2011 Arturo Vidal
100%
12,30 Bologna Fiorentina 2019 Erick Pulgar
67%
13,90 Udinese Juventus 2012 Mauricio Isla
58%
18 Barcellona Manchester City 2016 Claudio Bravo
54%
25 Lazio Juventus 2001 Marcelo Salas
54%
17,50 River Plate Lazio 1998 Marcelo Salas
54%
13,50 Universidad de Chile Napoli 2012 Eduardo Vargas
50%
13 Siviglia Cardiff City 2013 Gary Medel
42%
18 Alavés Monaco 2019 Guillermo Maripán
33%
13 Internacional Bayer Leverkusen 2015 Charles Aránguiz
25%
Nessun quiz corrispondente trovato
Distribuzione punteggi
Percentuale di utenti per punteggio
Percentile per numero di risposta
I tuoi punteggi nel tempo
Non hai fatto questo quiz dall'ultimo reset